000 00638nam a2200193 i 4500
001 C00007002c
005 20241029142751.0
008 940908s1970 sp f 001 0 spa d
080 _a726.54(461.13 Bóveda) Sta. Eulalia
100 1 _aFernández de la Vega, Celestino.
_95362
245 1 3 _aEl enigma de Santa Eulalia de Bóveda /
_cCelestino Fernández de la Vega.
260 _aLugo :
_bGráficas Bao,
_c1970.
300 _a[12] p., II h. de lám. col. ;
_c24 cm.
650 4 _aIglesia de Santa Eulalia (Bóveda, España)
_95363
651 4 _aBóveda (Lugo, España)
_95364
852 _jF-2829
999 _c6916
_d6916